| 000 | 00512nam a2200169 i 4500 | ||
|---|---|---|---|
| 001 | 163464 | ||
| 003 | ES-MaACL | ||
| 005 | 20230906212738.0 | ||
| 008 | 050712s1888 fr | |||||||| ||fre d | ||
| 040 |
_aCAM _bspa _cCAM |
||
| 100 | 1 |
_aRibet, J. _9131778 |
|
| 245 | 1 | 2 |
_aL'ascétique chrétienne / _cpar J. Ribet. |
| 260 |
_aParis : _bLibrairie Poussielgue frères, _c1888 ( _eTours : _fImpr. Mame) |
||
| 300 |
_aX, 528 p. ; _c22 cm. |
||
| 650 | 4 |
_aAscetismo. _910365 |
|
| 852 |
_aES-MaACL _jG-6704 _z-- Enc. hol. |
||
| 999 |
_c163464 _d163464 |
||